|
|
|
|
| LEADER |
00000nam0a2200000 4500 |
| 001 |
72662 |
| 005 |
20231101212645.0 |
| 010 |
|
|
|a 5229002344
|
| 035 |
|
|
|a (RuTPU)RU\TPU\book\77489
|
| 090 |
|
|
|a 72662
|
| 100 |
|
|
|a 20050128d1989 m y0rusy50 ca
|
| 101 |
0 |
|
|a rus
|
| 102 |
|
|
|a RU
|
| 105 |
|
|
|a a j 001zy
|
| 200 |
1 |
|
|a Металлургия стали
|e учебник для вузов
|f В. А. Кудрин
|
| 205 |
|
|
|a 2-е изд., перераб. и доп.
|
| 210 |
|
|
|a Москва
|c Металлургия
|d 1989
|
| 215 |
|
|
|a 560 с.
|c ил.
|
| 320 |
|
|
|a Библиогр.: с. 555.
|
| 320 |
|
|
|a Предметный указатель: с. 556-560.
|
| 606 |
1 |
|
|a Сталь
|x Металлургия
|2 stltpush
|3 (RuTPU)RU\TPU\subj\56287
|9 74200
|
| 610 |
1 |
|
|a технология
|
| 610 |
1 |
|
|a реакции
|
| 610 |
1 |
|
|a сталеплавильное производство
|
| 610 |
1 |
|
|a технология плавки
|
| 610 |
1 |
|
|a классификация
|
| 610 |
1 |
|
|a окисление
|
| 610 |
1 |
|
|a раскисление
|
| 610 |
1 |
|
|a конвертеры
|
| 610 |
1 |
|
|a мартеновские печи
|
| 610 |
1 |
|
|a внепечная обработка
|
| 610 |
1 |
|
|a разливка
|
| 610 |
1 |
|
|a экология
|
| 610 |
1 |
|
|a природа
|
| 610 |
1 |
|
|a утилизация
|
| 610 |
1 |
|
|a безотходные технологии
|
| 610 |
1 |
|
|a автоматизация
|
| 610 |
1 |
|
|a роботизация
|
| 610 |
1 |
|
|a техника безопасности
|
| 610 |
1 |
|
|a эргономика
|
| 610 |
1 |
|
|a развитие
|
| 610 |
1 |
|
|a СССР
|
| 610 |
1 |
|
|a учебники
|
| 610 |
1 |
|
|a охрана
|
| 675 |
|
|
|a 669.18(075.8)
|v 3
|
| 700 |
|
1 |
|a Кудрин
|b В. А.
|g Виктор Александрович
|
| 801 |
|
1 |
|a RU
|b 63413507
|c 20050128
|g PSBO
|
| 801 |
|
2 |
|a RU
|b 63413507
|c 20201105
|g PSBO
|
| 942 |
|
|
|c BK
|